Registrácia volumetrickych dát mozgu s využitím hlbokého učenia posilňovaním

Salvato in:
Dettagli Bibliografici
Autore principale: Olejník, Jozef (Autore)
Altri autori: Kompánek, Matej (Relatore della tesi)
Natura: Manoscritto Libro
Lingua:slovacco
Pubblicazione: 2020
Soggetti:
Accesso online:http://is.stuba.sk/zp/portal_zp.pl?podrobnosti=142103
Tags: Aggiungi Tag
Nessun Tag, puoi essere il primo ad aggiungerne!!

MARC

LEADER 00000ntm a22000003a 4500
001 stuzp80599
003 SK-STU
005 20200620211930.5
007 ta
008 150427s2015----xo-----f-mn---000-0-slo-d
040 |a STU  |b slo 
041 0 |a slo 
100 1 |a Olejník, Jozef  |u 070400  |4 aut  |U FIIT Fakulta informatiky a informačných technológií  |T FIIT Ústav počítačového inžinierstva a aplikovanej informatiky  |X 92108  |U I400  |Y 672  |7 92108 
242 0 1 |a Registration of volumetric brain data using deep reinforcement learning  |y eng 
245 1 0 |a Registrácia volumetrickych dát mozgu s využitím hlbokého učenia posilňovaním 
260 |c 2020 
650 4 |a mozog  |2 slo 
650 4 |a registrácia  |2 slo 
650 4 |a učenie posilňovaním  |2 slo 
650 4 |a registration  |2 eng 
650 4 |a reinforcement learning  |2 eng 
650 4 |a brain  |2 eng 
700 1 |a Kompánek, Matej  |u 070400  |k Z3  |4 ths  |U FIIT Fakulta informatiky a informačných technológií  |T FIIT Ústav počítačového inžinierstva a aplikovanej informatiky  |X 47845  |U I400  |Y 672  |7 A000047845 
856 4 |u http://is.stuba.sk/zp/portal_zp.pl?podrobnosti=142103